(Record no. 1026)
[ view plain ]
| 000 -LEADER | |
|---|---|
| fixed length control field | 00392nam a2200133Ia 4500 |
| 008 - FIXED-LENGTH DATA ELEMENTS--GENERAL INFORMATION | |
| fixed length control field | 151015s9999 xx 000 0 und d |
| 020 ## - INTERNATIONAL STANDARD BOOK NUMBER | |
| International Standard Book Number | 9290590963 |
| 050 ## - LIBRARY OF CONGRESS CALL NUMBER | |
| Classification number | S172.5.K45451992 |
| 250 ## - EDITION STATEMENT | |
| Edition statement | _A selection of Useful Tress and Shrubs for Kenya |
| 300 ## - PHYSICAL DESCRIPTION | |
| Extent | Kenya ICRAF 1992 |
| 500 ## - GENERAL NOTE | |
| General note | Includes bibliography |
| 650 ## - SUBJECT ADDED ENTRY--TOPICAL TERM | |
| Topical term or geographic name as entry element | _Useful trees and shrubs |
| 700 ## - ADDED ENTRY--PERSONAL NAME | |
| Personal name | ^d20110121 11:56:14^okorir |
No items available.